Pluriel ou pas ? - Statistiques

Statistiques générales
  • Ce quiz a été pris 95 fois
  • Le résultat moyen est 10 sur 20
Statistiques - réponses
Hint Réponse % Correct
Absolument Non
95%
Vivement Non
85%
Lendemain Oui
69%
Contre Oui
66%
Mal Oui
63%
Même Oui
61%
Environ Oui
61%
Aucun Oui
58%
Moindre Oui
58%
Entre Oui
51%
Sur Non
46%
Hier Non
45%
Rien Oui
36%
Jusque Oui
36%
Loin Non
28%
Sauf Oui
24%
Pendant Oui
21%
Avant Oui
19%
Par Oui
18%
Gré Non
16%
Aucun quiz correspondant
Distribution des résultats
% des personnes avec chaque résultat
Percentile par nombre de réponses
Votre historique - résultats
Vous n’avez pas pris ce quiz